000 00350nam a2200157Ia 4500
008 240126s9999 xx 000 0 und d
041 _aEnglish
082 _aPRHM17-1879
100 _aT K Sai Akhil.
245 0 _aEvent
_bDeepti Bhatt.
260 _bPES University
_aBangalore
440 _aNULL
650 _aHM
650 _aHM
942 _cPR
999 _c281807
_d281807